Data structures & other objects using C++ (Record no. 62138)
[ view plain ]
| 000 -LEADER | |
|---|---|
| fixed length control field | 00676nam a22001937a 4500 |
| 003 - CONTROL NUMBER IDENTIFIER | |
| control field | NUST-PNEC |
| 005 - DATE AND TIME OF LATEST TRANSACTION | |
| control field | 20170116180739.0 |
| 008 - FIXED-LENGTH DATA ELEMENTS--GENERAL INFORMATION | |
| fixed length control field | 141211b xxu||||| |||| 00| 0 eng d |
| 020 ## - INTERNATIONAL STANDARD BOOK NUMBER | |
| International Standard Book Number | 0805374701 |
| 040 ## - CATALOGING SOURCE | |
| Transcribing agency | PNEC |
| 082 ## - DEWEY DECIMAL CLASSIFICATION NUMBER | |
| Classification number | 005.73 MAI |
| 100 ## - MAIN ENTRY--PERSONAL NAME | |
| 9 (RLIN) | 1106 |
| Personal name | Main, Michael |
| 245 ## - TITLE STATEMENT | |
| Title | Data structures & other objects using C++ |
| Statement of responsibility, etc. | Michael Main |
| 260 ## - PUBLICATION, DISTRIBUTION, ETC. | |
| Place of publication, distribution, etc. | Reading, Mass. : |
| Name of publisher, distributor, etc. | Addison Wesley, |
| Date of publication, distribution, etc. | c1997. |
| 300 ## - PHYSICAL DESCRIPTION | |
| Extent | xxxi, 751 pages : |
| Other physical details | illustrations, map ; |
| Dimensions | 23 cm |
| 651 ## - SUBJECT ADDED ENTRY--GEOGRAPHIC NAME | |
| General subdivision | Computer, MIS |
| 856 ## - ELECTRONIC LOCATION AND ACCESS | |
| Uniform Resource Identifier | <a href="http://www.amazon.com/Data-Structures-Other-Objects-Using/dp/0805374701/ref=sr_1_1?s=books&ie=UTF8&qid=1418322740&sr=1-1&keywords=0805374701">http://www.amazon.com/Data-Structures-Other-Objects-Using/dp/0805374701/ref=sr_1_1?s=books&ie=UTF8&qid=1418322740&sr=1-1&keywords=0805374701</a> |
| 942 ## - ADDED ENTRY ELEMENTS (KOHA) | |
| Source of classification or shelving scheme | |
| Koha item type | Book |
| Withdrawn status | Lost status | Source of classification or shelving scheme | Damaged status | Not for loan | Permanent Location | Current Location | Shelving location | Date acquired | Source of acquisition | Cost, normal purchase price | Total Checkouts | Full call number | Barcode | Date last seen | Cost, replacement price | Price effective from | Koha item type |
|---|---|---|---|---|---|---|---|---|---|---|---|---|---|---|---|---|---|
| Pakistan Navy Engineering College (PNEC) | Pakistan Navy Engineering College (PNEC) | 02/01/2000 | NUST Recurring A/c | 300.00 | 005.73 MAI | PNECLIB-021801 | 12/11/2014 | 300.00 | 02/01/2000 | Book |
